Xây dựng phát đồ điều trị bệnh tiểu đường trên chó : Báo cáo tổng hợp đề tài khoa học và công nghệ cấp Trường
Chẩn đoán chính xác bệnh tiểu đường trên chó đồng thời đánh giá hiệu quả điều trị và chọn phác đồ điều trị phù hợp nhằm hỗ trợ vào công tác chẩn đoán và điều trị bệnh tiểu đường trên chó cho bệnh xá thú y Đại học Cần Thơ, các ph...
Gespeichert in:
| 1. Verfasser: | |
|---|---|
| Format: | Buch |
| Sprache: | Undetermined |
| Veröffentlicht: |
Cần Thơ
Trường Đại học Cần Thơ
2016
|
| Schlagworte: | |
| Tags: |
Tag hinzufügen
Keine Tags, Fügen Sie den ersten Tag hinzu!
|
| Thư viện lưu trữ: | Trung tâm Học liệu Trường Đại học Cần Thơ |
|---|
| LEADER | 01451nam a2200241Ia 4500 | ||
|---|---|---|---|
| 001 | CTU_210307 | ||
| 008 | 210402s9999 xx 000 0 und d | ||
| 082 | |a 636.7089 | ||
| 082 | |b Th108 | ||
| 088 | |a T2015-80 | ||
| 100 | |a Trần, Thị Thảo | ||
| 245 | 0 | |a Xây dựng phát đồ điều trị bệnh tiểu đường trên chó : | |
| 245 | 0 | |b Báo cáo tổng hợp đề tài khoa học và công nghệ cấp Trường | |
| 245 | 0 | |c Trần Thị Thảo (chủ nhiệm đề tài) | |
| 260 | |a Cần Thơ | ||
| 260 | |b Trường Đại học Cần Thơ | ||
| 260 | |c 2016 | ||
| 520 | |a Chẩn đoán chính xác bệnh tiểu đường trên chó đồng thời đánh giá hiệu quả điều trị và chọn phác đồ điều trị phù hợp nhằm hỗ trợ vào công tác chẩn đoán và điều trị bệnh tiểu đường trên chó cho bệnh xá thú y Đại học Cần Thơ, các phòng mạch thú y trong quận Ninh Kiều, thành phố Cần Thơ và làm cơ sở khoa học cho những nghiên cứu sau. | ||
| 650 | |a Dogs,Dogs,Chó,Chó | ||
| 650 | |x Diseases,Treatment,Diseases,Diagnosis,Bệnh,Điều trị,Bệnh,Chẩn đoán | ||
| 904 | |i Trần Hoàng Phúc,Qhieu | ||
| 915 | |a NN | ||
| 980 | |a Trung tâm Học liệu Trường Đại học Cần Thơ | ||